Detention and Arrest

Detalles Bibliográficos
Autor principal: Coughlan, Steve
Otros Autores: Luther, Glen
Formato: eBook
Lenguaje:inglés
Publicado: Toronto: Irwin Law Inc., 2010
Materias:
Acceso en línea:Acceso restringido

MARC

LEADER 00000nam a22000007a 4500
005 20210908225338.0
007 cr|||| ||||
008 210908s2010 ca |||||s|||| 00||0 eng d
020 |a 9781552212011 
035 |a 35378 
040 |a vLex 
090 |c 12342  |d 12342 
100 1 |a Coughlan, Steve 
245 1 0 |a Detention and Arrest  |h [Recurso electrn̤ico] /  |c Steve Coughlan, Glen Luther 
256 |a Servicio en ln̕ea 
260 |a Toronto:  |b Irwin Law Inc.,  |c 2010 
300 |a 1 recurso electrn̤ico 
506 1 |a Disponible solo en los productos indicados  |d vLex Global  |d vLex Global (Academic Edition, excluding Law Schools)  |d vLex Global (U.S. Academic Edition, Law Schools)  |d vLex Global (U.S. Academic Edition, excluding Law Schools)  |d vLex Global (Academic Edition, Law Schools) 
650 0 4 |a Derecho Penal  |z Canad̀ 
650 0 4 |a Procedimiento Penal  |z Canad̀ 
700 1 |a Luther, Glen 
740 0 |a vLex Libros (Servicio en ln̕ea) 
856 4 0 |u https://app.vlex.com/#/sources/35378  |z Acceso restringido 
942 |c BOOK 
999 0 |a Criminal Law 
999 0 |a Criminal Procedure